<?xml version="1.0" encoding="UTF-8"?>
<record
    xmlns:xsi="http://www.w3.org/2001/XMLSchema-instance"
    xsi:schemaLocation="http://www.loc.gov/MARC21/slim http://www.loc.gov/standards/marcxml/schema/MARC21slim.xsd"
    xmlns="http://www.loc.gov/MARC21/slim">

  <leader>00936nam a22002177a 4500</leader>
  <controlfield tag="003">OSt</controlfield>
  <controlfield tag="005">20130531134244.0</controlfield>
  <controlfield tag="008">130531s2000    sp ||||| |||| 00| 0 spa d</controlfield>
  <datafield tag="020" ind1=" " ind2=" ">
    <subfield code="a">8484090647</subfield>
  </datafield>
  <datafield tag="040" ind1=" " ind2=" ">
    <subfield code="c">CDMR</subfield>
  </datafield>
  <datafield tag="100" ind1="1" ind2=" ">
    <subfield code="9">1879</subfield>
    <subfield code="a">Roy, Joaqu&#xED;n</subfield>
  </datafield>
  <datafield tag="245" ind1="1" ind2="0">
    <subfield code="a">Periodismo y ensayo</subfield>
    <subfield code="b">: de Col&#xF3;n al "Boom" : aspectos te&#xF3;ricos y pr&#xE1;cticos de una relaci&#xF3;n intergen&#xE9;rica [...]</subfield>
    <subfield code="c">Joaqu&#xED;n Roy</subfield>
  </datafield>
  <datafield tag="260" ind1=" " ind2=" ">
    <subfield code="a">Lleida</subfield>
    <subfield code="b">Edicions de la Universitat de Lleida</subfield>
    <subfield code="c">DL 2000</subfield>
  </datafield>
  <datafield tag="300" ind1=" " ind2=" ">
    <subfield code="a">193 p.</subfield>
  </datafield>
  <datafield tag="490" ind1="0" ind2=" ">
    <subfield code="a">Ensayos / Scriptura</subfield>
    <subfield code="v">10</subfield>
  </datafield>
  <datafield tag="500" ind1=" " ind2=" ">
    <subfield code="a">T&#xED;tol complet - Periodismo y ensayo: de Col&#xF3;n al "Boom". Aspectos te&#xF3;ricos y pr&#xE1;cticos de una relaci&#xF3;n intergen&#xE9;rica. Cartas y cr&#xF3;nicas. Jos&#xE9; Mart&#xED;, Octavio Paz, Camilo Jos&#xE9; Cela, Mario Vargas Llosa, Carlos Fuentes.</subfield>
  </datafield>
  <datafield tag="650" ind1="0" ind2="4">
    <subfield code="9">3088</subfield>
    <subfield code="a">Periodisme i literatura</subfield>
    <subfield code="v">Recull d'escrits</subfield>
  </datafield>
  <datafield tag="650" ind1="0" ind2="4">
    <subfield code="9">3625</subfield>
    <subfield code="a">Diaris</subfield>
    <subfield code="v">Seccions, columnes, etc</subfield>
    <subfield code="x">Opini&#xF3;</subfield>
  </datafield>
  <datafield tag="650" ind1="0" ind2="4">
    <subfield code="9">3628</subfield>
    <subfield code="a">Assaig</subfield>
  </datafield>
  <datafield tag="942" ind1=" " ind2=" ">
    <subfield code="2">udc</subfield>
    <subfield code="c">MON</subfield>
  </datafield>
  <datafield tag="999" ind1=" " ind2=" ">
    <subfield code="c">6381</subfield>
    <subfield code="d">6381</subfield>
  </datafield>
  <datafield tag="952" ind1=" " ind2=" ">
    <subfield code="0">0</subfield>
    <subfield code="1">0</subfield>
    <subfield code="4">0</subfield>
    <subfield code="7">0</subfield>
    <subfield code="a">CDMR</subfield>
    <subfield code="b">CDMR</subfield>
    <subfield code="d">2013-01-16</subfield>
    <subfield code="l">0</subfield>
    <subfield code="o">Dc 8/2</subfield>
    <subfield code="p">CDMR13056590</subfield>
    <subfield code="r">2013-05-31</subfield>
    <subfield code="w">2013-05-31</subfield>
    <subfield code="y">MON</subfield>
  </datafield>
</record>
